[Event "AUTO-ADV-131"]
[Site "http://www.queenalice.com/game.php?id=50544"]
[Date "2006.2.1"]
[Round "1"]
[White "Mrunixus"]
[Black "man_from_mars"]
[Result "0-1"]
[WhiteElo "1420"]
[BlackElo "1803"]

1. d4 Nf6 2. Bg5 Ne4 3. e3 Nxg5 4. c4 c6 5. Nc3 d5 6. Qh5 e6 7. f4 Ne4 8. Nf3
Bb4 9. Ne5 O-O 10. Bd3 Nd7 11. Nxd7 Qxd7 12. O-O Nf6 13. Qe5 b5 14. cxb5 h6 15.
bxc6 Qxc6 16. Rac1 Bd6 17. Bb5 Qb6 18. Nxd5 exd5 19. a4 Bxe5 20. dxe5 Qxe3+ 21.
Kh1 Ne4 22. Rce1 Qd4 23. b3 Nf2+ 24. Kg1 Nd3+ 25. Kh1 Nxe1 26. Rxe1 Qxf4 27. Bc6
Rb8 28. Bxd5 Bb7 29. Bxb7 Rxb7 30. e6 fxe6 31. g3 Qf3+ 32. Kg1 Qf2+ 0-1

[Event "Challenge"]
[Site "http://www.queenalice.com/game.php?id=63326"]
[Date "2006.4.15"]
[Round "-"]
[White "Mrunixus"]
[Black "pawn_buzzard"]
[Result "0-1"]
[WhiteElo "1474"]
[BlackElo "1631"]

1. d4 e6 2. e3 Nf6 3. Nf3 Be7 4. g3 b6 5. Bg2 Ba6 6. Nbd2 d5 7. b3 Bb4 8. Bb2
O-O 9. c4 dxc4 10. Ne5 c3 11. Bxa8 cxb2 12. Rb1 Qd6 13. Rxb2 c6 14. Nc4 Bxc4 15.
bxc4 Ne4 16. O-O Ng5 17. Qh5 h6 18. Rc2 Nd7 19. Bb7 Nf6 20. Qh4 Bxd2 21. Rxd2
Nf3+ 22. Kg2 Nxh4+ 23. gxh4 Ne4 24. Rd3 b5 25. cxb5 Nc5 26. dxc5 Qxd3 27. bxc6
Qd5+ 28. Kg3 Qxc5 29. a4 Qc4 30. Ra1 Qc5 31. a5 Qe5+ 32. f4 Qxa1 33. c7 Qc1 34.
c8=Q Rxc8 35. Bxc8 Qxc8 0-1

[Event "Challenge"]
[Site "http://www.queenalice.com/game.php?id=67176"]
[Date "2006.5.6"]
[Round "-"]
[White "Mrunixus"]
[Black "Pood"]
[Result "0-1"]
[WhiteElo "1455"]
[BlackElo "1744"]

1. d4 Nf6 2. e3 d5 3. Bd3 g6 4. Nf3 Bg7 5. O-O O-O 6. b3 Bg4 7. c4 e6 8. h3 Bf5
9. Bxf5 gxf5 10. Nc3 Ne4 11. Nxe4 fxe4 12. Ba3 Re8 13. Nh2 f5 14. Rb1 Qg5 15. f3
Qxe3+ 16. Kh1 Bxd4 17. Re1 Qd3 18. Qxd3 exd3 19. Red1 Nc6 20. Rxd3 Rad8 21. g4
f4 22. g5 dxc4 23. bxc4 Ne5 24. Rdb3 Nxc4 25. Bc1 e5 26. Rxb7 Bb6 27. Ng4 Rd1+
28. Kg2 Kh8 29. Nf2 Rd7 30. Ng4 Rg7 31. Nf6 Rxg5+ 32. Kh2 Rd8 33. Ne4 Rg6 34.
Bb2 Rdg8 35. h4 Rg2+ 36. Kh1 Nxb2 37. Ng5 Re2 38. Rg1 Bxg1 39. Kxg1 h6 40. Kf1
Rc2 41. Nf7+ Kh7 42. Nxe5 Rd8 43. Rxb2 Rd1# 0-1

[Event "AUTO-ADV-178"]
[Site "http://www.queenalice.com/game.php?id=72068"]
[Date "2006.5.27"]
[Round "1"]
[White "Viper_SB"]
[Black "Mrunixus"]
[Result "1-0"]
[WhiteElo "1730"]
[BlackElo "1451"]

1. Nf3 d5 2. d4 Nc6 3. e3 g6 4. Nc3 e6 5. Ne5 Nge7 6. Qf3 Nxe5 7. dxe5 Bg7 8.
Bd3 Bxe5 9. Bd2 c5 10. Bb5+ Bd7 11. g4 a6 12. Bxd7+ Qxd7 13. b3 b5 14. Ne2 Qd6
15. Rb1 O-O 16. h4 c4 17. b4 Bg7 18. h5 Rac8 19. Nd4 c3 20. Bc1 Rc4 21. a3 Bxd4
22. exd4 Rxd4 23. O-O Rf4 24. Bxf4 e5 25. Bh6 Rc8 26. Rbe1 f5 27. Qd3 gxh5 28.
gxf5 e4 29. Qg3+ Qxg3+ 30. fxg3 Kf7 31. f6 Nc6 32. Kh2 Nd4 33. Rc1 Kg6 34. Bg7
Nf3+ 35. Kg2 h4 36. Rh1 hxg3 37. Rh6+ Kf7 38. Rxh7 Nd4 39. Kxg3 Nf5+ 40. Kg4
Nxg7 41. fxg7 Rg8 42. Kh5 Rxg7 43. Rxg7+ Kxg7 44. Rd1 Kf6 45. Rxd5 Ke6 46. Rc5
e3 47. Rg5 e2 48. Rg1 Kd6 49. Re1 Kd5 50. Rxe2 Kc4 51. Kg4 Kd5 52. Kf5 Kc6 53.
Ke5 Kb6 54. Kd6 a5 55. Re4 axb4 56. axb4 Kb7 57. Kc5 1-0

[Event "AUTO-ADV-178"]
[Site "http://www.queenalice.com/game.php?id=72069"]
[Date "2006.5.27"]
[Round "1"]
[White "Mrunixus"]
[Black "Viper_SB"]
[Result "1/2-1/2"]
[WhiteElo "1462"]
[BlackElo "1608"]

1. d4 d5 2. e3 Nf6 3. Nc3 e6 4. Nf3 Bb4 5. Bd3 Nc6 6. Bd2 Qe7 7. O-O O-O 8. a3
Bxc3 9. Bxc3 a6 10. Ng5 e5 11. f3 g6 12. b4 Nh5 13. Nh3 Bxh3 14. Re1 Qg5 15. Bf1
Ne7 16. Bd2 e4 17. f4 Qg4 18. Re2 Nf5 19. Be1 Rac8 20. a4 b6 21. b5 a5 22. Rc1
c5 23. bxc6 Rxc6 24. Rb1 Rb8 25. Rb5 Nd6 26. Rxd5 h6 27. c4 Nxc4 28. Qc1 1/2-1/2

[Event "AUTO-ADV-178"]
[Site "http://www.queenalice.com/game.php?id=72082"]
[Date "2006.5.27"]
[Round "1"]
[White "azumi"]
[Black "Mrunixus"]
[Result "0-1"]
[WhiteElo "1195"]
[BlackElo "1446"]

1. d4 d5 2. Nc3 Nf6 3. Bg5 e6 4. Nf3 Be7 5. e3 O-O 6. Bd3 b6 7. O-O Nc6 8. Ne5
Qd6 9. Nb5 Qd8 10. Bxf6 Bxf6 11. Nxc6 Qe8 12. Ne5 Bd8 13. Qh5 h6 14. Ng4 Ba6 15.
a4 Bb7 16. Nxh6+ gxh6 17. Qxh6 f5 18. f4 Rf6 19. Qh3 Qg6 20. Rf3 Qg7 21. Rg3 Rg6
22. Rxg6 Qxg6 0-1

[Event "AUTO-ADV-178"]
[Site "http://www.queenalice.com/game.php?id=72083"]
[Date "2006.5.27"]
[Round "1"]
[White "Mrunixus"]
[Black "azumi"]
[Result "1-0"]
[WhiteElo "1452"]
[BlackElo "1189"]

1. d4 d5 2. Nc3 Nf6 3. e3 Nc6 4. Nf3 Bg4 5. Be2 e6 6. O-O Ne4 7. Bd2 Bd6 8. Bb5
a6 9. Bd3 Bxf3 10. Qxf3 Nxd2 11. Qh5 Qf6 12. Rad1 Nxf1 13. Rxf1 g6 14. Qh6 O-O-O
15. Ne2 e5 16. c3 e4 17. Bc2 Ne7 18. Nf4 Bxf4 19. exf4 Nf5 20. Qh3 Kb8 21. g4
Nd6 22. f3 1-0

[Event "AUTO-ADV-178"]
[Site "http://www.queenalice.com/game.php?id=72090"]
[Date "2006.5.27"]
[Round "1"]
[White "kahector"]
[Black "Mrunixus"]
[Result "1-0"]
[WhiteElo "1535"]
[BlackElo "1468"]

1. d4 d5 2. Nc3 Nf6 3. Bg5 e6 4. f4 Be7 5. e3 O-O 6. Bd3 h6 7. Bh4 Nbd7 8. Bxf6
Nxf6 9. Nf3 Bb4 10. O-O Bxc3 11. bxc3 Ng4 12. Ne5 Nxe3 13. Qh5 c6 14. Rf2 b6 15.
Re1 Nd1 16. Rxd1 Qd6 17. Rf3 c5 18. Rg3 f5 19. Qxh6 Rf6 20. Qxg7# 1-0

[Event "AUTO-ADV-178"]
[Site "http://www.queenalice.com/game.php?id=72091"]
[Date "2006.5.27"]
[Round "1"]
[White "Mrunixus"]
[Black "kahector"]
[Result "1-0"]
[WhiteElo "1457"]
[BlackElo "1146"]

1. d4 d5 2. e3 Bf5 3. Nc3 Nf6 4. Bd3 Bxd3 5. Qxd3 e6 6. Nf3 Bb4 7. Bd2 O-O 8.
O-O-O a5 9. Ne5 Bxc3 10. Bxc3 Ne4 11. Rhf1 Nc6 12. Nxc6 bxc6 13. f3 Nd6 14. e4
Qg5+ 15. Qd2 Qxd2+ 16. Rxd2 dxe4 17. f4 f5 18. Re2 a4 19. b3 axb3 20. axb3 Nb5
21. Kb2 Ra3 22. Bb4 Rfa8 23. Bxa3 1-0

[Event "Challenge"]
[Site "http://www.queenalice.com/game.php?id=73145"]
[Date "2006.5.31"]
[Round "-"]
[White "Mrunixus"]
[Black "electricmonk"]
[Result "0-1"]
[WhiteElo "1468"]
[BlackElo "1209"]

1. d4 e6 2. e4 d5 3. exd5 Qxd5 4. Nc3 Bb4 5. Ne2 Nc6 6. a3 Bxc3+ 7. Nxc3 Qxd4 8.
Bd3 Qe5+ 9. Be3 Nd4 10. f4 Qxe3+ 11. Be2 Nf6 12. g3 Ne4 13. Qd3 Qf2+ 14. Kd1 f5
15. Nxe4 fxe4 16. Qxe4 Bd7 17. h4 Bb5 18. Bxb5+ Nxb5 19. Qxe6+ Kd8 20. Qd5+ Nd6
21. Qg5+ Ke8 22. Re1+ Kf8 23. Qe7+ Kg8 24. Qxc7 Qd4+ 25. Kc1 Rc8 26. Qd7 Qf2 27.
Rd1 Qxc2# 0-1

[Event "Challenge"]
[Site "http://www.queenalice.com/game.php?id=106931"]
[Date "2006.9.16"]
[Round "-"]
[White "Mrunixus"]
[Black "JPSD"]
[Result "0-1"]
[WhiteElo "1373"]
[BlackElo "1502"]

1. d4 d5 2. Nc3 Nf6 3. e3 Ne4 4. Bd3 Nxc3 5. bxc3 e6 6. Nf3 Bd6 7. c4 h5 8. cxd5
exd5 9. c4 c6 10. cxd5 cxd5 11. h4 Bg4 12. g3 Qa5+ 13. Bd2 Qa3 14. Be2 O-O 15.
O-O Na6 16. Ne5 Bxe5 17. dxe5 Rae8 18. f4 Nc5 19. Bxg4 hxg4 0-1

[Event "Challenge"]
[Site "http://www.queenalice.com/game.php?id=106932"]
[Date "2006.9.16"]
[Round "-"]
[White "Mrunixus"]
[Black "Mike36bh"]
[Result "0-1"]
[WhiteElo "1461"]
[BlackElo "1691"]

1. d4 d5 2. Nc3 Nf6 3. g3 Nc6 4. Nf3 Bf5 5. e4 dxe4 6. Ng5 Nxd4 7. Be3 e5 8. Bg2
Qd6 9. Ncxe4 Qb6 10. b3 h6 11. Nxf6+ gxf6 12. Ne4 O-O-O 13. a4 Qc6 14. f3 Nxc2+
0-1

[Event "AUTO-INT-173"]
[Site "http://www.queenalice.com/game.php?id=107016"]
[Date "2006.9.17"]
[Round "1"]
[White "otax"]
[Black "Mrunixus"]
[Result "1-0"]
[WhiteElo "1670"]
[BlackElo "1409"]

1. d4 d5 2. c4 e6 3. Nc3 Bb4 4. Bd2 c5 5. Nf3 b6 6. e3 Ba6 7. Qb3 Nc6 8. a3 Ba5
9. Qa4 Ne7 10. cxd5 Bxf1 11. dxc6 Bxg2 12. Rg1 Bxf3 13. c7+ Qd7 14. Qxd7+ Kxd7
15. dxc5 Kxc7 16. b4 1-0

[Event "AUTO-INT-173"]
[Site "http://www.queenalice.com/game.php?id=107017"]
[Date "2006.9.17"]
[Round "1"]
[White "Mrunixus"]
[Black "otax"]
[Result "0-1"]
[WhiteElo "1403"]
[BlackElo "1676"]

1. d4 d5 2. Nc3 e6 3. Nf3 Nc6 4. e4 Bb4 5. Bd2 Nge7 6. Ng5 Nxd4 7. Bd3 h6 8. Nf3
Nxf3+ 9. Qxf3 c6 10. e5 Qc7 11. Qh5 c5 12. f4 d4 13. Ne4 Bxd2+ 14. Nxd2 Bd7 15.
Ne4 Nc8 16. c3 c4 0-1

[Event "AUTO-INT-173"]
[Site "http://www.queenalice.com/game.php?id=107038"]
[Date "2006.9.17"]
[Round "1"]
[White "PaulB42"]
[Black "Mrunixus"]
[Result "1-0"]
[WhiteElo "1466"]
[BlackElo "1398"]

1. Nc3 d5 2. e4 c6 3. Nf3 f5 4. e5 e6 5. d4 b5 6. Be2 c5 7. Bxb5+ Nd7 8. Ng5 c4
9. Nxe6 Qa5 10. Nxf8 Kxf8 11. O-O Nb6 12. Qe2 1-0

[Event "AUTO-INT-173"]
[Site "http://www.queenalice.com/game.php?id=107039"]
[Date "2006.9.17"]
[Round "1"]
[White "Mrunixus"]
[Black "PaulB42"]
[Result "0-1"]
[WhiteElo "1385"]
[BlackElo "1479"]

1. d4 Nf6 2. Nc3 e6 3. e4 Nc6 4. Bd3 Nxd4 5. Be3 Nc6 6. Nf3 Qe7 7. O-O e5 8. Nd5
Nxd5 9. exd5 Nb4 10. Bc4 e4 11. Ng5 f6 12. a3 fxg5 0-1

[Event "AUTO-INT-178"]
[Site "http://www.queenalice.com/game.php?id=108097"]
[Date "2006.9.20"]
[Round "1"]
[White "Mrunixus"]
[Black "kasparosaure"]
[Result "0-1"]
[WhiteElo "1434"]
[BlackElo "1438"]

1. d4 f5 2. Nf3 Nf6 3. Bf4 d6 4. e3 g6 5. g3 Bg7 6. Bc4 c6 7. Bd3 O-O 8. c4 Na6
9. Nc3 Nb4 10. Bb1 Be6 11. b3 Qa5 12. O-O c5 13. a4 Nh5 0-1

[Event "AUTO-INT-178"]
[Site "http://www.queenalice.com/game.php?id=108098"]
[Date "2006.9.20"]
[Round "1"]
[White "kasparosaure"]
[Black "Mrunixus"]
[Result "1-0"]
[WhiteElo "1454"]
[BlackElo "1418"]

1. c4 d5 2. d4 dxc4 3. Nc3 e6 4. e4 c5 5. Nf3 cxd4 6. Qxd4 Qxd4 7. Nxd4 Bd6 8.
Bxc4 Nc6 9. Nxc6 bxc6 10. O-O h5 11. Rd1 Be5 12. f4 Bd6 13. Rxd6 Bb7 14. Be3 1-0

[Event "AUTO-INT-178"]
[Site "http://www.queenalice.com/game.php?id=108099"]
[Date "2006.9.20"]
[Round "1"]
[White "Mrunixus"]
[Black "Toivop"]
[Result "0-1"]
[WhiteElo "1434"]
[BlackElo "1965"]

1. d4 d5 2. e3 Nf6 3. c4 e6 4. c5 b6 5. b4 a5 6. Qa4+ Bd7 7. b5 bxc5 8. dxc5
Bxc5 9. Ne2 c6 10. bxc6 Nxc6 11. Na3 Bb4+ 0-1

[Event "AUTO-INT-178"]
[Site "http://www.queenalice.com/game.php?id=108100"]
[Date "2006.9.20"]
[Round "1"]
[White "Toivop"]
[Black "Mrunixus"]
[Result "1-0"]
[WhiteElo "1960"]
[BlackElo "1434"]

1. d4 d5 2. c4 Nc6 3. Nc3 dxc4 4. Nf3 g6 5. d5 Nb4 6. Qa4+ c6 7. Qxb4 e6 8. d6
Bxd6 9. Qxc4 Nf6 10. Bh6 e5 11. Ng5 a6 12. Qxf7# 1-0